| Tag |
First Indicator |
Second Indicator |
Subfields |
| LEADER |
00000cam a2200000 a 4500 |
| 001 |
in00001370121 |
| 005 |
20151006091741.0 |
| 008 |
970212s1997 mauacf b 001 0beng |
| 010 |
|
|
|a 97005875
|
| 020 |
|
|
|a 0395533791 (alk. paper)
|
| 035 |
|
|
|a (OCoLC)36430618
|
| 035 |
|
|
|9 AHJ9067AM
|
| 040 |
|
|
|a DLC
|c DLC
|d C#P
|d TXA
|d UtOrBLW
|
| 043 |
|
|
|a n-us---
|
| 049 |
|
|
|a TXAM
|
| 050 |
0 |
0 |
|a PN4874.M48395
|b S64 1997
|
| 082 |
0 |
0 |
|a 070.5/092
|a B
|2 21
|
| 100 |
1 |
|
|a Smith, Richard Norton,
|d 1953-
|
| 245 |
1 |
4 |
|a The Colonel :
|b the life and legend of Robert R. McCormick, 1880-1955 /
|c Richard Norton Smith.
|
| 246 |
3 |
0 |
|a Legend of Robert R. McCormick
|
| 264 |
|
1 |
|a Boston :
|b Houghton Mifflin Co.,
|c 1997.
|
| 300 |
|
|
|a xxiv, 597 pages, 16 unnumbered pages of plates :
|b illustrations, portraits ;
|c 24 cm.
|
| 336 |
|
|
|a text
|b txt
|2 rdacontent
|
| 337 |
|
|
|a unmediated
|b n
|2 rdamedia
|
| 338 |
|
|
|a volume
|b nc
|2 rdacarrier
|
| 504 |
|
|
|a Includes bibliographical references and index.
|
| 586 |
|
|
|a Goldsmith Book Prize, 1998
|
| 600 |
1 |
0 |
|a McCormick, Robert Rutherford,
|d 1880-1955.
|
| 630 |
0 |
0 |
|a Chicago tribune.
|
| 650 |
|
0 |
|a Newspaper editors
|z United States
|x History
|y 20th century
|x Biography.
|
| 999 |
|
|
|a MARS
|
| 999 |
f |
f |
|s 07a2558e-6319-340f-a590-6fbc098ab130
|i 0e24d1f4-eef2-3976-b143-8be272bc27b5
|t 0
|
| 952 |
f |
f |
|p ric
|a Texas A&M University
|b Rellis Campus
|c Joint Library Facility
|d Remote Storage
|t 0
|e PN4874.M48395 S64 1997
|h Library of Congress classification
|i unmediated -- volume
|m A14821312752
|
| 998 |
f |
f |
|a PN4874.M48395 S64 1997
|t 0
|l Remote Storage
|